000 00449nam a22001097a 4500
082 _a800/KAL
100 _aकालरा,डॉ. शकुंतला
_983987
245 _aमैथिलीशरण गुप्त का राम और कृष्ण काव्य
260 _aदिल्‍ली
_bचन्‍द्रमेुखी प्रकाशन
_c2025
650 _aकाव्‍यालोचना
_954621
942 _cHIN
999 _c69005
_d69005